000 00670nam0a22002411 4500
001 rc\619101
005 20031121164037.3
035 _a(NLR Aleph) 005862147
090 _a5890053
_c5890053
100 _a20031121d1986 u |0rusy50 ca
101 0 _arus
102 _aRU
105 _aa |||||||||
200 1 _aГоры и люди
210 _aТашкент
_cМехнат
_d1986
215 _a158, [1] с.
_cил.
_d17
320 _aБиблиогр.: с. 158 (16 назв.)
700 1 _aБулулуков
_bЮ. Г.
_gЮрий Григорьевич
801 0 _aRU
_bNLR
_gpsbo
801 1 _aRU
_bELAR
_2rusmarc
852 _aNLR
_j87-2/549
942 _cBOOK
980 _aNB